Asian dreams and Christian hope : (Record no. 64697)

MARC details
000 -LEADER
fixed length control field 00558nam a22001577a 4500
005 - DATE AND TIME OF LATEST TRANSACTION
control field 20120404124033.0
020 ## - INTERNATIONAL STANDARD BOOK NUMBER
International Standard Book Number 8172145802
Terms of availability 00.00
035 ## - SYSTEM CONTROL NUMBER
System control number B-28201
037 ## - SOURCE OF ACQUISITION
Stock number DPL
Source of stock number/acquisition ENG
100 ## - MAIN ENTRY--PERSONAL NAME
Personal name Wilfred, Felix
245 ## - TITLE STATEMENT
Title Asian dreams and Christian hope :
Remainder of title At the dawn of the millennium /
Statement of responsibility, etc by Felix Wilfred
260 ## - PUBLICATION, DISTRIBUTION, ETC. (IMPRINT)
Place of publication, distribution, etc Delhi
Name of publisher, distributor, etc ISPCK
Date of publication, distribution, etc 2000
300 ## - PHYSICAL DESCRIPTION
Extent xxvi, 312p.
Dimensions 20 cms.
942 ## - ADDED ENTRY ELEMENTS (KOHA)
Source of classification or shelving scheme Dewey Decimal Classification
Item type English Books
Classification part 280
Call number suffix WIL
Holdings
Withdrawn status Lost status Not for loan Collection code Home library Current library Date acquired Cost, normal purchase price Full call number Barcode Cost, replacement price Koha item type
      Non-fiction Sarojini Nagar Sarojini Nagar 04/04/2012 0.00 280 WIL B-28201 0.00 English Books

© Delhi Public Library
Hit Counter
free hit counter